| 000 | 00412nam a2200193Ia 4500 | ||
|---|---|---|---|
| 008 | 210210b1946 xxu||||| |||| 00| 0 eng d | ||
| 041 | _aeng | ||
| 082 | _a920/37 | ||
| 100 | _aMACKIEWICZ | ||
| 245 | _aLies, trials, atomic bomb | ||
| 260 |
_aAundh _b- _c1946 |
||
| 650 | _atrials, | ||
| 650 | _aLies, | ||
| 650 | _abomb | ||
| 650 | _aatomic | ||
| 690 | _aHistory | ||
| 700 | _aOthers | ||
| 906 | _a024779 | ||
| 999 |
_c150400 _d150400 |
||